Obras de Samuel Dario Maldonado. : (Registro nro. 19443)
[ vista simple ]
| 000 -CABECERA | |
|---|---|
| campo de control de longitud fija | 00772cam a22002171 4500 |
| 001 - NÚMERO DE CONTROL | |
| campo de control | 000019930 |
| 005 - FECHA Y HORA DE LA ÚLTIMA TRANSACCIÓN | |
| campo de control | 20200929170208.0 |
| 008 - DATOS DE LONGITUD FIJA--INFORMACIÓN GENERAL | |
| campo de control de longitud fija | 740619s1970 ve 000 0 spa |
| 010 ## - NÚMERO DE CONTROL DE LA BIBLIOTECA DEL CONGRESO | |
| Número de control de LC | 71555460 |
| 035 ## - NÚMERO DE CONTROL DEL SISTEMA | |
| Número de control de sistema | (OCoLC)923802 |
| 040 ## - FUENTE DE LA CATALOGACIÓN | |
| Centro catalogador/agencia de origen | DO-SdBNP |
| Centro/agencia transcriptor | OU |
| Centro/agencia modificador | DLC |
| 042 ## - CÓDIGO DE AUTENTICACIÓN | |
| Código de autenticación | premarc |
| 050 00 - SIGNATURA TOPOGRÁFICA DE LA BIBLIOTECA DEL CONGRESO | |
| Número de clasificación | PQ8549 |
| Número de documento/Ítem | .M27 1970 |
| 100 1# - ENTRADA PRINCIPAL--NOMBRE DE PERSONA | |
| Nombre de persona | Maldonado, Samuel Dario, |
| Fechas asociadas al nombre | 1870-1925. |
| 9 (RLIN) | 40366 |
| 245 10 - MENCIÓN DE TÍTULO | |
| Título | Obras de Samuel Dario Maldonado. : |
| Resto del título | Centenario de su nacimiento. |
| 260 ## - PUBLICACIÓN, DISTRIBUCIÓN, ETC. | |
| Lugar de publicación, distribución, etc. | Caracas, : |
| Nombre del editor, distribuidor, etc. | Presidencia de la Republica, |
| Fecha de publicación, distribución, etc. | 1970-. |
| 300 ## - DESCRIPCIÓN FÍSICA | |
| Extensión | v. ; |
| Dimensiones | 24 cm. |
| 500 ## - NOTA GENERAL | |
| Nota general | Vol. 2 published by the Instituto Nacional de Cultura y Bellas Artes; v. 3, by the Ministerio de Educacion. |
| 505 0# - NOTA DE CONTENIDO CON FORMATO | |
| Nota de contenido con formato | 1. Tierra nuestra. --2. poesias. --3. Ensayos. |
| 910 ## - DATOS DE OPCIÓN DEL USUARIO (OCLC) | |
| Datos de opción del usuario | Catalogación derivada / LC |
| Estado de retiro | Estado de pérdida | Restricciones de uso | No para préstamo | Código de colección | Localización permanente | Ubicación/localización actual | Ubicación en estantería | Fecha de adquisición | Número de inventario | Total de préstamos | Signatura topográfica completa | Código de barras | Fecha visto por última vez | Precio válido a partir de | Tipo de ítem Koha |
|---|---|---|---|---|---|---|---|---|---|---|---|---|---|---|---|
| Excluido de préstamo | Monografías: Libros y Folletos | General | General | En catalogación | 09.07.2010 | LF1 | 19930-10 | 25.06.2020 | 25.06.2020 | No se presta |
